000
00331nam a2200145Ia 4500
008
230312s9999||||xx |||||||||||||| ||und||
020
_a
9780681045897
082
_a
721.042
_b
MAG-T
100
_a
Maggi
245
4
_a
The quilters resource book
260
_b
UK
_a
UK
_c
2004
300
_a
448
650
_a
Architecture
942
_c
BK
999
_c
15075
_d
15075